Govt. of
Madhya Pradesh

स्‍वामी रामकृष्‍ण परमहंस (Record no. 63909)

MARC details
000 -LEADER
fixed length control field 00348nam a22000977a 4500
100 ## - MAIN ENTRY--AUTHOR NAME
Personal name तिवारी,प्रहलाद
245 ## - TITLE STATEMENT
Title स्‍वामी रामकृष्‍ण परमहंस
260 ## - PUBLICATION, DISTRIBUTION, ETC. (IMPRINT)
Place of publication दिल्‍ली
Name of publisher मदनलाल एंड संस
Year of publication 2018
650 ## - SUBJECT ADDED ENTRY--TOPICAL TERM
Topical Term जीवनी
942 ## - ADDED ENTRY ELEMENTS (KOHA)
Koha item type Hindi Books
Holdings
Withdrawn status Lost status Damaged status Not for loan Home library Current library Date acquired Cost, normal purchase price Full call number Accession Number Price effective from Koha item type
        MACL MACL 22/11/2020 450.00 920/TIW CRH036208 22/11/2020 Hindi Books